Faculty of Law Library — Cairo University

Official Online Catalog

Actes du Congrès pénitentiaire International de Saint-Pétersbourg, 1890 . (Record no. 74622)

MARC details
000 -LEADER
fixed length control field 01167nam a2200313 i 4500
003 - CONTROL NUMBER IDENTIFIER
control field EG-GICUC
005 - DATE AND TIME OF LATEST TRANSACTION
control field 20260501125722.0
008 - FIXED-LENGTH DATA ELEMENTS--GENERAL INFORMATION
fixed length control field 260501s1890 gw ||||fr|||| 001 0 d
040 ## - CATALOGING SOURCE
Original cataloging agency EG-GiCUC
Language of cataloging fre
Transcribing agency EG-GiCUC
Modifying agency EG-GiCUC
Description conventions rda
041 ## - LANGUAGE CODE
Language code of text/sound track or separate title fre
082 04 - DEWEY DECIMAL CLASSIFICATION NUMBER
Edition number 21
Classification number 343.505
Item number AC
092 04 - LOCALLY ASSIGNED DEWEY CALL NUMBER (OCLC)
Edition number 21
099 ## - LOCAL FREE-TEXT CALL NUMBER (OCLC)
Classification number Law1 10 343.505 AC 1890 1011374 V2, C1
245 02 - TITLE STATEMENT
Title Actes du Congrès pénitentiaire International de Saint-Pétersbourg, 1890 .
Number of part/section of a work Volume II ,
Name of part/section of a work Rapports Sur Les Questions Du Programme De Droit Penal.
264 #1 - PRODUCTION, PUBLICATION, DISTRIBUTION, MANUFACTURE, AND COPYRIGHT NOTICE
Place of production, publication, distribution, manufacture Saint-Pétersbourg :
Name of producer, publisher, distributor, manufacturer Bureau de la Commission d'organisation du Congrès,
Date of production, publication, distribution, manufacture, or copyright notice 1890.
300 ## - PHYSICAL DESCRIPTION
Extent 941 pages ;
Dimensions 24 cm.
Other physical details illustrations,
336 ## - CONTENT TYPE
Source rda content
Content type term text
337 ## - MEDIA TYPE
Source rda media
Media type term Computer
338 ## - CARRIER TYPE
Source rda carrier
Carrier type term Online Resource
500 ## - GENERAL NOTE
General note Index Pages : 939-941.
504 ## - BIBLIOGRAPHY, ETC. NOTE
Bibliography, etc. note Bibliography: pages 200-250.
546 ## - LANGUAGE NOTE
Language note Text in German
650 14 - SUBJECT ADDED ENTRY--TOPICAL TERM
Topical term or geographic name entry element internationales de droit pénal
650 14 - SUBJECT ADDED ENTRY--TOPICAL TERM
Topical term or geographic name entry element internationales de droit pénal
651 14 - SUBJECT ADDED ENTRY--GEOGRAPHIC NAME
Geographic name Saint-Pétersbourg
General subdivision internationales de droit pénal
856 40 - ELECTRONIC LOCATION AND ACCESS
Uniform Resource Identifier <a href="https://fll.law.cu.edu.eg/fulltext/bks/B10-11374.pdf">https://fll.law.cu.edu.eg/fulltext/bks/B10-11374.pdf</a>
905 ## - Cataloger and Reviser Names
Cataloger Name: Mohamed Yosri
942 ## - ADDED ENTRY ELEMENTS (KOHA)
Source of classification or shelving scheme Dewey Decimal Classification
Koha item type Books
Edition 21
Suppress in OPAC No
Holdings
Withdrawn status Lost status Source of classification or shelving scheme Materials specified (bound volume or other part) Damaged status Not for loan Collection Home library Current library Date acquired Total checkouts Full call number Barcode Date last seen Copy number Price effective from Koha item type
    Dewey Decimal Classification V2   Not for loan القانون الجنائي جــــامعة القــاهرة مكتبة كلية الحقوق - المبنى الرئيسي 01.05.2026   Law1 10 343.505 AC 1890 1011374 V2, C1 B10-11374 01.05.2026 1 01.05.2026 Books

© All rights reserved — Faculty of Law, Cairo University